00529 2200205 4500001002100000005001500021035002000036008004100056245007000097100002100167250000600188260004600194300001100240084001400251082000800265650001400273990001200287990001200299990001200311INLIS00000000000037320240430020703 a0010-0424000349240430 0 ind 1 aBatu Bara : Potensi, Penambangan & Pemanfaatan /cDiyah Probowati aProbowati, Diyah a1 aYogyakarta :bPT. Citra Aji Parama,c2015 a60 hlm a660 DIY b a660 4aNon Fiksi a0728582 a0728583 a0728584